000 00937nam a2200217Ia 4500
003 Ost
005 20260507075053.0
008 260507s9999||||xx |||||||||||||| ||und||
040 _cfsecg
041 _aara
082 _a658.409
100 _aكلالدة، ظاهر محمود
_eمؤلف
245 0 _aالإتجاهات الحديثة في القيادة الإدارية /
_c ظاهر محمود كلالدة
260 _aعمان:
_bدار زهران للنشر,
_c1997
300 _a300 صفحة؛
_bإيضاحات ؛
_c24 سم
490 _aكتب العلوم الإدارية
_v4
520 _aمدخل في القيادة الإدارية،القيادة الإدارية في الفكر الحديث،الإتجاهات الحديثة في القيادة الإدارية،دراسات في القيادة الإدارية
653 _aالإدارة
653 _aالقيادة الإدارية
942 _cكتاب
999 _c42683
_d42683